Algunas teorías sobre la vivienda de interés social: conceptos y características de un nuevo tipo de arquitectura
Spremljeno u:
| Glavni autor: | |
|---|---|
| Format: | Knjiga |
| Jezik: | španjolski |
| Izdano: |
Valparaíso
Universidad de Valparaíso
2002
|
| Izdanje: | 1a. ed |
| Teme: | |
| Oznake: |
Dodaj oznaku
Bez oznaka, Budi prvi tko označuje ovaj zapis!
|
MARC
| LEADER | 00000nam a2200000 a 4500 | ||
|---|---|---|---|
| 001 | UCI8231 | ||
| 003 | CL-VaPUC | ||
| 008 | 080821e20020000CL |||||||||||||||||spa|d | ||
| 020 | |a 9568164007 | ||
| 082 | 0 | 4 | |a 363.50983 |b MAR |2 21 |
| 100 | |a Martínez Corbella, Carlos |e autor |9 546907 | ||
| 245 | 1 | 0 | |a Algunas teorías sobre la vivienda de interés social: conceptos y características de un nuevo tipo de arquitectura |
| 250 | |a 1a. ed | ||
| 300 | |a 188 p | ||
| 942 | |c BK | ||
| 945 | |d 20080821 00:00:00 |a rbrito | ||
| 260 | |a Valparaíso |b Universidad de Valparaíso |c 2002 | ||
| 650 | 0 | |a Vivienda social |9 491521 | |
| 650 | 0 | |a Viviendas baratas |9 362226 | |
| 650 | 0 | |a Construcción de casas |9 531754 | |
| 650 | 0 | |a Control de calidad |9 259714 | |
| 650 | 7 | |a POLITICA HABITACIONAL |2 CL-VaPUC |9 266843 | |
| 650 | 0 | |a Diseño de viviendas |9 268897 | |
| 650 | 7 | |a HABITABILIDAD |2 CL-VaPUC |9 361137 | |
| 583 | |a last modification |c 20080821 00:00:00 |k Rodrigo Vera | ||
| 999 | |c 331249 |d 331247 | ||
| 952 | |0 0 |1 1 |4 0 |6 363_509830000000000_MAR_2002 |7 0 |8 A |9 417542 |a BIBARQ |b BIBARQ |d 2019-11-22 |i 4473353 |o 363.50983 MAR 2002 |p 4473353 |r 2019-11-22 |w 2019-11-22 |x Retirado en Inventario 2023 |y BK |k ARQ | ||